ICE-85 in-circuit emulator operating instructions for ISIS-11users /$cIntel Corporation.

Saved in:
Bibliographic Details
Corporate Author: Intel Corporation
Format: Book
Language:English
Published: Santa Clara, Calif. : Intel Corporation,$c1978
Subjects:
LEADER 00943nam a2200241 a 4500
001 c000115947
003 CARM
005 20000114132401.0
008 990827s1978 caua 001 0 eng d
019 1 |a 20616877  |5 LACONCORD2021 
035 |a (OCoLC)222568537  |5 LACONCORD2021 
040 |a VSWT  |b eng 
082 0 4 |a 621.38  |2 21 
110 2 |a Intel Corporation. 
245 1 0 |a ICE-85 in-circuit emulator operating instructions for ISIS-11users /$cIntel Corporation. 
260 |a Santa Clara, Calif. :  |b Intel Corporation,$c1978 
300 |a 1 v. (various pagings) :  |b ill. ;  |c 30 cm. 
500 |a "Manual Order No.: 9800463B". 
630 0 0 |a Intel 8085 (Microprocessor) 
650 0 |a Emulators (Computer programs) 
852 8 |b CARM  |h A2:AH33D3  |i E00615  |p 0169407  |f BK 
999 f f |i bba89fa5-8fee-5464-a157-3e692186f74a  |s b72e6c05-8aa5-5026-8b28-38862b35f327 
952 f f |p Can circulate  |a CAVAL  |b CAVAL  |c CAVAL  |d CARM 1 Store  |e E00615  |f A2:AH33D3  |h Other scheme  |i book  |m 0169407